English Leagues Kit Manufacturers 2020/21 - all 92 clubs 🏴󠁧󠁢󠁥󠁮󠁧󠁿⚽️👕 - Statistics

General Stats
  • This quiz has been taken 233 times
  • The average score is 54 of 92
Answer Stats
League Team Kit Manufacturer % Correct
Premier Brighton and Hove Albion Nike
100%
Premier Chelsea Nike
100%
Premier Liverpool Nike
100%
Premier Tottenham Hotspur Nike
100%
Championship Birmingham City Nike
100%
Championship Preston North End Nike
100%
League One Portsmouth Nike
100%
League One Sunderland Nike
100%
Premier Arsenal Adidas
99%
Premier Fulham Adidas
99%
Premier Leeds United Adidas
99%
Premier Leicester City Adidas
99%
Premier Manchester United Adidas
99%
Premier Sheffield United Adidas
99%
Premier Wolverhampton Wanderers Adidas
99%
Championship Cardiff City Adidas
99%
League One Accrington Stanley Adidas
99%
League One Ipswich Town Adidas
99%
Premier Crystal Palace Puma
92%
Premier Manchester City Puma
92%
Premier Newcastle United Puma
92%
Premier West Bromwich Albion Puma
92%
Championship Barnsley Puma
92%
Championship Rotherham United Puma
92%
League One Blackpool Puma
92%
League One Oxford United Puma
92%
League One Peterborough United Puma
92%
League One Plymouth Argyle Puma
92%
League One Swindon Town Puma
92%
League One Wigan Athletic Puma
92%
League One Wimbledon Puma
92%
League Two Tranmere Rovers Puma
92%
Premier Burnley Umbro
72%
Premier West Ham United Umbro
72%
Championship Blackburn Rovers Umbro
72%
Championship Bournemouth Umbro
72%
Championship Brentford Umbro
72%
Championship Derby County Umbro
72%
Championship Huddersfield Town Umbro
72%
Championship Luton Town Umbro
72%
League One Hull City Umbro
72%
Premier Everton Hummel
52%
Championship Bristol City Hummel
52%
Championship Coventry City Hummel
52%
Championship Middlesbrough Hummel
52%
League One Charlton Athletic Hummel
52%
League One Fleetwood Town Hummel
52%
League One Northampton Town Hummel
52%
League Two Cambridge United Hummel
52%
League Two Newport County Hummel
52%
League Two Oldham Athletic Hummel
52%
League Two Southend United Hummel
52%
Premier Aston Villa Kappa
52%
League Two Salford City Kappa
52%
Premier Southampton Under Armour
47%
League Two Harrogate Town New Balance
45%
League Two Leyton Orient New Balance
45%
Championship Millwall Macron
37%
Championship Nottingham Forest Macron
37%
Championship Reading Macron
37%
Championship Stoke City Macron
37%
League One Bristol Rovers Macron
37%
League One Gillingham Macron
37%
League Two Bolton Wanderers Macron
37%
League Two Colchester United Macron
37%
League Two Morecambe Macron
37%
League Two Scunthorpe United Macron
37%
League Two Stevenage Macron
37%
Championship Swansea City Joma
31%
League Two Barrow Joma
31%
League Two Exeter City Joma
31%
Championship Norwich City Errea
24%
Championship QPR Errea
24%
League One Lincoln City Errea
24%
League One Milton Keynes Dons Errea
24%
League One Rochdale Errea
24%
League Two Carlisle United Errea
24%
League Two Cheltenham Town Errea
24%
League Two Crawley Town Errea
24%
League Two Grimsby Town Errea
24%
League Two Port Vale Errea
24%
League Two Walsall Errea
24%
Championship Watford Kelme
18%
League One Shrewsbury Town Admiral
8%
Championship Wycombe Wanderers O'Neills
8%
League Two Bradford City Avec
4%
Championship Sheffield Wednesday Elev8
3%
League One Doncaster Rovers Elite Pro Sport
2%
League One Crewe Alexandra Football Thailand
2%
League Two Mansfield Town Surridge
2%
League One Burton Albion TAG
2%
League Two Forest Green Rovers Player Layer
1%
No matching quizzes found
Score Distribution
Percent of People with Each Score
Percentile by Number Answered
Your Score History
You have not taken this quiz